000 00837cam a2200265 a 4500
001 000004651
005 20200929151457.0
008 910521s1973 sp 001 f spa
020 _z8432504461
040 _aDO-SdBNP
_bspa
_cBNPHU
041 1 7 _aspa
_hfre
_2Código de idioma MARC
082 _a843.8
_bV531d
100 1 _aVerne, Jules,
_d1828-1905
_913574
245 1 0 _aDos años de vacaciones /
_cJulio Verne ; traducción de Dolores Fonseca.
260 _aMadrid :
_bDoncel,
_c1973.
300 _a351 p. ;
_c18 cm.
490 1 _aLibro joven de bolsillo
534 _pTítulo original:
_tDeux ans de vacances
650 4 _aNovela francesa
_91075
650 4 _aLiteratura francesa
_91074
700 1 _aFonseca, Dolores,
_etr.
_913575
830 0 _aLibro joven de bolsillo
_912847
910 _aCatalogación derivada
910 _aWM
999 _c4457
_d4457